|
|
|
|
| LEADER |
00000nam a22000007a 4500 |
| 005 |
2021112305335.0 |
| 007 |
cr|||| |||| |
| 008 |
211123c20119999za fr|w s|||| 0|||b1eng d |
| 022 |
|
|
|a 2225-7160
|
| 035 |
|
|
|a 33741
|
| 040 |
|
|
|a vLex
|
| 090 |
|
|
|c 12682
|d 12682
|
| 245 |
0 |
0 |
|a De Jure
|h [Recurso electrn̤ico] /
|
| 256 |
|
|
|a Servicio en ln̕ea
|
| 260 |
|
|
|a Pretoria:
|b Sabinet African Journals,
|c 2011 -
|
| 300 |
|
|
|a 1 recurso electrn̤ico
|
| 310 |
|
|
|a Semestral
|
| 500 |
|
|
|a De Jure is a general law journal, accredited by the Department of Higher Education & Training. It publishes original research concerned with the development and dissemination of cutting-edge legal research, both national and international. The scope of the journal is wide and supports legal academics, practitioners and scholars.
|
| 506 |
1 |
|
|a Disponible solo en los productos indicados
|d vLex Global
|d vLex Global (Academic Edition, excluding Law Schools)
|d vLex Global (U.S. Academic Edition, Law Schools)
|d vLex Global (U.S. Academic Edition, excluding Law Schools)
|d vLex Global (Academic Edition, Law Schools)
|
| 650 |
0 |
4 |
|a Derecho Civil
|z Sudf̀rica
|
| 740 |
0 |
|
|a vLex Revistas (Servicio en ln̕ea)
|
| 856 |
4 |
0 |
|u https://app.vlex.com/#/sources/33741
|z Acceso restringido
|
| 942 |
|
|
|c REV
|
| 999 |
0 |
|
|a Civil Law
|